The careful use of compliments / (Record no. 234653)
[ view plain ]
| 000 -LEADER | |
|---|---|
| fixed length control field | 01997cam a2200289 a 4500 |
| 001 - CONTROL NUMBER | |
| control field | 15417633 |
| 003 - CONTROL NUMBER IDENTIFIER | |
| control field | Nust |
| 005 - DATE AND TIME OF LATEST TRANSACTION | |
| control field | 20170329105401.0 |
| 008 - FIXED-LENGTH DATA ELEMENTS--GENERAL INFORMATION | |
| fixed length control field | 080819s2008 nyu 000 f eng |
| 010 ## - LIBRARY OF CONGRESS CONTROL NUMBER | |
| LC control number | 2008276683 |
| 020 ## - INTERNATIONAL STANDARD BOOK NUMBER | |
| International Standard Book Number | 9780316027397 (pbk.) |
| 040 ## - CATALOGING SOURCE | |
| Original cataloging agency | DLC |
| Transcribing agency | DLC |
| 050 00 - LIBRARY OF CONGRESS CALL NUMBER | |
| Classification number | PR6063.C326 |
| Item number | C37 2008 |
| 082 00 - DEWEY DECIMAL CLASSIFICATION NUMBER | |
| Classification number | 823.914 |
| Author Mark | SMI |
| 100 1# - MAIN ENTRY--PERSONAL NAME | |
| Personal name | McCall Smith, Alexander, |
| Dates associated with a name | 1948- |
| 245 14 - TITLE STATEMENT | |
| Title | The careful use of compliments / |
| Statement of responsibility, etc. | Alexander McCall Smith. |
| 250 ## - EDITION STATEMENT | |
| Edition statement | 1st Anchor Books ed. |
| 260 ## - PUBLICATION, DISTRIBUTION, ETC. | |
| Place of publication, distribution, etc. | New York : |
| Name of publisher, distributor, etc. | Anchor Books, |
| Date of publication, distribution, etc. | 2008. |
| 300 ## - PHYSICAL DESCRIPTION | |
| Extent | 247 p. ; |
| Dimensions | 21 cm. |
| 500 ## - GENERAL NOTE | |
| General note | "An Isabel Dalhousie novel"--Jacket. |
| 520 ## - SUMMARY, ETC. | |
| Summary, etc. | In addition to being the nosiest and most sypathetic philosopher you are likely to meet, Isabel is now a mother. Charlies, her newborn son, presents her with a myriad wonders of a new life, and doting father Jamie presents her with an intriguing proposal: marriage. In the midst of all this, she receives a disturbing letter announcing that she has been ousted as editor of the Review of Applied Ethics by the ambitious Professor Dove. None of these things, however, in any way diminshes Isabel's curiosity. And when she attends an art auction, she finds an irresistable puzzle: two paintings attributed to a now-deceased artist appear on the market at the same time, and both of them exhibit some unusual characteristics. Are these paintings forgeries? This proves to be sufficient fodder for Isabel's inquisitiveness. So she begins an investigation... and soon finds herself diverging from her philosophical musings about fatherhood onto a path that leads her into the mysteries of the art world and the soul of an artist. |
| 650 #0 - SUBJECT ADDED ENTRY--TOPICAL TERM | |
| Topical term or geographic name entry element | Women editors |
| Form subdivision | Fiction. |
| 650 #0 - SUBJECT ADDED ENTRY--TOPICAL TERM | |
| Topical term or geographic name entry element | Art dealers |
| Form subdivision | Fiction. |
| 650 #0 - SUBJECT ADDED ENTRY--TOPICAL TERM | |
| Topical term or geographic name entry element | Art |
| General subdivision | Forgeries |
| Form subdivision | Fiction. |
| 655 #7 - INDEX TERM--GENRE/FORM | |
| Genre/form data or focus term | Mystery fiction. |
| Source of term | gsafd |
| 906 ## - LOCAL DATA ELEMENT F, LDF (RLIN) | |
| a | 7 |
| b | cbc |
| c | origcop |
| d | 2 |
| e | ncip |
| f | 20 |
| g | y-gencatlg |
| 942 ## - ADDED ENTRY ELEMENTS (KOHA) | |
| Source of classification or shelving scheme | |
| Koha item type | Book |
| Withdrawn status | Lost status | Source of classification or shelving scheme | Damaged status | Not for loan | Collection code | Permanent Location | Current Location | Shelving location | Date acquired | Total Checkouts | Total Renewals | Full call number | Barcode | Date last seen | Date last checked out | Copy number | Price effective from | Koha item type |
|---|---|---|---|---|---|---|---|---|---|---|---|---|---|---|---|---|---|---|
| Central Library (CL) | Central Library (CL) | Fiction | 03/29/2017 | 3 | 1 | 823.914 SMI | CL980 | 02/27/2023 | 11/30/2022 | 1 | 03/29/2017 | Book |
